| 000 | 00637nam a2200217Ia 4500 | ||
|---|---|---|---|
| 005 | 20220708115157.0 | ||
| 008 | 140110s9999 xx 000 0 und d | ||
| 020 |
_a9789381136508 _cRs.800.00 |
||
| 040 | _aLoreto College | ||
| 041 | _aEnglish | ||
| 082 |
_a306.08 _bRAM |
||
| 100 | _aRamachandran,Srinivasan | ||
| 245 |
_aTribal development programmes in India _cSrinivasan Ramachandran |
||
| 260 |
_aNew Delhi _bAbhijeet Publications _c2012 |
||
| 300 | _ax,260p | ||
| 504 | _aIncludes bibliographical references | ||
| 650 | _aIndia-Tribals-Development | ||
| 651 | _aTribals,India-Development | ||
| 850 | _aLCLIB | ||
| 942 | _cBK | ||
| 999 |
_c38671 _d89150 |
||